| 000 | 01075nam0a2200289 4500 | ||
|---|---|---|---|
| 001 | RU\NLR\bibl\469546 | ||
| 005 | 20260405155239.0 | ||
| 010 |
_a5-901712-41-2 _93000 |
||
| 035 | _a(NLR Aleph) 000462814 | ||
| 090 |
_a944699 _c944699 |
||
| 100 | _a20031206d2002 |||y0rusy50 ca | ||
| 101 | 0 | _arus | |
| 102 | _aRU | ||
| 105 | _aa ||||||||| | ||
| 200 | 1 |
_aБолезни детей старшего возраста _eРуководство для врачей _f[Р.Р. Шиляев и др.] |
|
| 210 |
_aМ. _cМЕДпресс информ _d2002 |
||
| 215 |
_a608 с. _cтабл. _d21 |
||
| 320 | _aБиблиогр.: с. 605-606 (48 назв.) | ||
| 606 | 0 |
_aДети _jРуководства, пособия и т.п. _xБолезни _9904624 _3RU\NLR\auth\669499 |
|
| 686 | _aР733я77 | ||
| 702 | 1 |
_4220 _8rus _7ca _aШиляев _bР. Р. _f1943- _gРудольф Ростиславович _3RU\NLR\auth\7766077 _949006 |
|
| 801 | 0 |
_aRU _bNLR _c20031206 _gPSBO |
|
| 801 | 1 |
_aRU _bNLR _c20031206 |
|
| 830 | _aСост. по кн. | ||
| 942 | _cBOOK | ||
| 980 | _aNB | ||